000 00314 a2200109 4500
001 ART_12861
005 20260410161734.0
008 260409a
245 1 0 _aEl síndrome del tesorero
100 1 _aBlanco, Eduardo H.
773 0 _tEjecutivos de finanzas
_g- Año 7, Nº 53 (mar. 1989)
_wREV2863
999 _c18090
_d18090